| 000 | 00769cam a22002411 4500 | ||
|---|---|---|---|
| 999 |
_c22211 _d22211 |
||
| 001 | 8920951 | ||
| 003 | OSt | ||
| 005 | 20200519131627.0 | ||
| 008 | 861215s1962 pk b 000 0 eng | ||
| 040 | _coclc | ||
| 042 | _apremarc | ||
| 043 |
_aa------ _af------ |
||
| 050 | 0 | 0 |
_aHJ233 _b.S5 1962 |
| 082 |
_a336.5 _bSID/P |
||
| 100 |
_aSiddiqi, S A _q(Shujāʻat ʻAlī), _d1902- _92438 |
||
| 245 | 1 | 0 |
_aPublic finance in Islam / _c S.A. Siddiqi |
| 260 |
_aNew Delhi: _bAdam Publishers And Distributors, _c1982. |
||
| 300 | _a242p | ||
| 500 | _a"First edition 1948 ... third [impression] 1962." | ||
| 504 | _aBibliography: p. [244]-252. | ||
| 906 |
_a7 _bcbc _coclcrpl _du _encip _f19 _gy-gencatlg |
||
| 942 |
_2ddc _cBK _h336.5 _iSID/P _k336.5 _mSID/P |
||